[Event "GER-chT U10"]
[Site "Magdeburg"]
[Date "2014.12.28"]
[Round "3.4"]
[White "Wettig, Lukas"]
[Black "Roeder, Fynn"]
[Result "1-0"]
[WhiteElo "600"]
[BlackElo "600"]
[PlyCount "81"]
[EventDate "2014.12.27"]
[EventType "team-swiss"]
[EventRounds "7"]
[EventCountry "GER"]
[SourceTitle "EXT 2016"]
[Source "ChessBase"]
[SourceDate "2015.10.08"]
[SourceVersion "1"]
[SourceVersionDate "2015.10.08"]
[SourceQuality "1"]
[WhiteTeam "Apolda"]
[BlackTeam "Magdeburg Schachzwerge III"]
[WhiteTeamCountry "GER"]
[BlackTeamCountry "GER"]

1. e4 e5 2. Nf3 Nc6 3. Bc4 d5 4. exd5 Na5 5. b3 Nxc4 6. bxc4 Bb4 7. 0-0 Nf6 8. Nc3 0-0 9. a3 Bxc3 10. dxc3 e4 11. Ne5 Bf5 12. Bf4 Nh5 13. Be3 Re8 14. Ng4 Bxg4 15. Qxg4 Nf6 16. Qg3 Nh5 17. Qh3 Nf6 18. Qh4 h6 19. f3 g5 20. Qxh6 Ng4 21. Qxg5+ Kh7 22. Qxg4 Rg8 23. Qxe4+ Kg7 24. Bd4+ Kf8 25. Rfe1 Qc8 26. c5 Qd7 27. Rab1 Re8 28. Qd3 Rxe1+ 29. Rxe1 f5 30. Rb1 Qg7 31. Bxg7+ Rxg7 32. Rxb7 c6 33. dxc6 Rxb7 34. cxb7 Kg7 35. b8Q Kh6 36. Qd4 Kh5 37. Qbe5 a5 38. Qxf5+ Kh6 39. Qd6+ Kg7 40. Qfg6+ Kh8 41. Qf8# 1-0

[Event "GER-chT U10"]
[Site "Magdeburg"]
[Date "2014.12.27"]
[Round "1.4"]
[White "Roeder, Fynn"]
[Black "Deutsch, Oliver"]
[Result "0-1"]
[WhiteElo "600"]
[BlackElo "791"]
[PlyCount "67"]
[EventDate "2014.12.27"]
[EventType "team-swiss"]
[EventRounds "7"]
[EventCountry "GER"]
[SourceTitle "EXT 2016"]
[Source "ChessBase"]
[SourceDate "2015.10.08"]
[SourceVersion "1"]
[SourceVersionDate "2015.10.08"]
[SourceQuality "1"]
[WhiteTeam "Magdeburg Schachzwerge III"]
[BlackTeam "Gruendau"]
[WhiteTeamCountry "GER"]
[BlackTeamCountry "GER"]

1. c4 e5 2. e4 Nf6 3. d4 exd4 4. Qxd4 Nc6 5. Qd5 Nxe4 6. f3 Nf6 7. Qe4+ Qe7 8. Qxe7+ Bxe7 9. Bg5 d5 10. cxd5 Nxd5 11. Bxe7 Ncxe7 12. Bb5+ c6 13. Bc4 0-0 14. Bxd5 cxd5 15. Nc3 Re8 16. 0-0-0 Be6 17. Nb5 Rac8+ 18. Kb1 Bf5+ 19. Ka1 Bc2 20. Nd6 Bxd1 21. Nxc8 Nxc8 22. Nh3 Bc2 23. b3 b5 24. Kb2 Bg6 25. Kc1 Rd8 26. Kd1 d4 27. Kd2 Nb6 28. Re1 Nd5 29. g4 Kf8 30. b4 Nxb4 31. Re8+ Rxe8 32. Nf2 Re3 33. Kd1 Rxf3 34. Ke1 0-1